000 01352cam a2200373 i 4500
999 _c11248
_d11248
001 18231227
003 GZU
005 20240408101323.0
008 140716s2015 pauac b 001 0 eng
010 _a 2014028217
020 _a9780781780629
022 _aNo number
035 _a(DNLM)101636905
040 _aDNLM/DLC
_cDLC
_erda
_dDLC
042 _apcc
050 0 0 _aRT48
_bJEN 2011
060 1 0 _aWY 100.4
100 1 _aJensen, Sharon,
_d1955- ,
_eauthor.
245 1 0 _aNursing health assessment:
_ba best practice approach/
_cSharon Jensen, MN, RN, Instructor, School of Nursing & Dental Hygiene, University of Hawaii at Manoa, Honolulu, Hawaii.
264 1 _aPhiladelphia:
_bWolters Kluwer Health,
_c[2011]
300 _axxx, 967 pages:
_billustrations, portraits;
_c29 cm
336 _atext
_2rdacontent
337 _aunmediated
_2rdamedia
338 _avolume
_2rdacarrier
504 _aIncludes bibliographical references and index.
505 _rSharon Jensen
520 _aEmphasize the importance of health assessment
650 1 2 _aNursing Assessment
_xmethods
_vCase Reports.
650 2 2 _aMedical History Taking
_xmethods
_vCase Reports.
650 2 2 _aPhysical Examination
_xmethods
_vCase Reports.
906 _a7
_bcbc
_corignew
_d1
_eecip
_f20
_gy-gencatlg
942 _2lcc
_cBK
_h48
_iJEN
_kRT